00451nam a2200157Ia 4500008004100000020001400041082001600055100002500071245003700096250000700133260003600140300002700176500001900203600002100222650005000243240925s9999 xx 000 0 und d a672227428 a005.133 BAR aBarkakati, Nabajyoti 4aThe Waite Groups Turbo C++ Bible aNA aLondon:bPrentice, Hallc,1992. axv,344p.bNAfOriginal aIncludes Index aComputer Science aComputer science, information & general works